THREE SIRENS (Record no. 18209)
[ view plain ]
| 000 -LEADER | |
|---|---|
| fixed length control field | 00318nam a2200133Ia 4500 |
| 008 - FIXED-LENGTH DATA ELEMENTS--GENERAL INFORMATION | |
| fixed length control field | 240624s9999 xx 000 0 und d |
| 041 ## - LANGUAGE CODE | |
| Language code of text/sound track or separate title | eng |
| 082 ## - DEWEY DECIMAL CLASSIFICATION NUMBER | |
| Classification number | 823 WAL |
| 100 ## - MAIN ENTRY--PERSONAL NAME | |
| Personal name | WALLACE IRVING |
| 245 ## - TITLE STATEMENT | |
| Title | THREE SIRENS |
| 260 ## - PUBLICATION, DISTRIBUTION, ETC. | |
| Date of publication, distribution, etc. | 2008 |
| Place of publication, distribution, etc. | Bangalore |
| Name of publisher, distributor, etc. | Master Mind Books |
| 300 ## - PHYSICAL DESCRIPTION | |
| Extent | 572 : p. : cm. ; 17 |
| 365 ## - TRADE PRICE | |
| Currency code | RS |
| Withdrawn status | Lost status | Damaged status | Not for loan | Home library | Current library | Shelving location | Date acquired | Cost, normal purchase price | Total Checkouts | Full call number | Barcode | Date last seen | Date last checked out | Copy number | Price effective from | Koha item type |
|---|---|---|---|---|---|---|---|---|---|---|---|---|---|---|---|---|
| IMTN | IMTN | Rack 41-A | 12/02/2011 | 125.00 | 1 | 823 WAL | 18209 | 07/24/2025 | 07/12/2025 | 1 | 06/24/2024 | Books |